000 00272nam a22001217a 4500
040 _cHS
082 _a307
100 _aROBERT CHAMBERS
245 _aRural development putting the last first
260 _aMalaysia
_bROBERT CHAMBERS
_c1983
300 _a246p;
942 _cEK
999 _c10231
_d10231